| 000 | 00700cam a2200241 4500 | ||
|---|---|---|---|
| 001 | 1996 | ||
| 010 | _a9722112732 | ||
| 021 |
_aPT _b139130/99 |
||
| 090 | _a1996 | ||
| 100 | _a20251121d1999 m||y0pory5003 ba | ||
| 101 | _apor | ||
| 102 | _aPT | ||
| 200 |
_aA prescrição da actividade física _fLuís Nunes |
||
| 210 |
_aLisboa _cCaminho _d1999 |
||
| 215 |
_a231, [1] p. _cil. _d21 cm |
||
| 225 |
_aDesporto e tempos livres _v21 |
||
| 300 | _aBIB-Registado | ||
| 606 |
_aSaúde _xImportância das actividades físicas _92870 |
||
| 606 |
_aActividades físicas _xPrescrição _92871 |
||
| 675 |
_a796.4 _vBMB _zpor |
||
| 700 |
_aNunes _bLuís Francisco Afonso Santos _92872 |
||
| 801 |
_aPT _bBMB _gRPC |
||
| 990 | _cLIVROS | ||